• 首页
  • 本馆介绍
  • 公告通知
  • 最新文献
  • 馆藏检索
  • 电子资源
  • 读者导购
  • 参考咨询
  • 我的图书馆
  • 登录
  • 详细信息显示
  • 放入我的书架
  • 预约/预借图书
  • 作者相关作品
  • 分类相关作品
  • 丛书相关作品
  • 出版社相关作品

书目信息

  • 表格格式
  • 工作单格式
  • 卡片格式
书名: Romantic copper
作者: by Ira B. Joralemon.
分册号:
分册名:
出版地: New York :
 
出版社: D. Appleton-Century Co
出版时间: 1934.
页数: 294 p. ;
开本: 21 cm.
丛书名:
中图分类号:
科图分类号:
其他分类号: TD862.1
主题词:
电子资源:
000 01020cam a2200301 a 450
001 E0740379378
005 20070513112102.14
008 960917s1934 000 0 eng d
010    @a96195733
035    @a(OCoLC)557882
035    @a(CU-BANC)GLAD84161646
035    @A(DLC) 96195733
035    @a(CStRLIN)CUBUGLAD84161646-B
040    @aOKentU@cOKentU@dm.c.@dOCoLC@dCU-BANC@dDLC
042    @alccopycat
043    @an-us---
050 00 @aTN443.A5@bJ67 1942
090    @aTD862.1
099    @dTD862.1@ex4
100 1  @aJoralemon, Ira B.@q(Ira Beaman),@d1884-1975.
245 10 @aRomantic copper :@bits lure and lore / @cby Ira B. Joralemon.
260    @aNew York :@bD. Appleton-Century Co.,@c1934.
300    @a294 p. ;@c21 cm.
500    @aLC copy, inscribed by the author, has 3 letters inserted.@5 DLC
650  0 @aCopper mines and mining@zUnited States@xHistory.
650  0 @aCopper industry and trade@zUnited States@xHistory.
906    @a7@bcbc@ccopycat@d3@encip@f19@gy-gencatlg
922    @aap
    
    Romantic copper : : its lure and lore / / by Ira B. Joralemon.-New York : : D. Appleton-Century Co., , 1934.
    294 p. ; ; 21 cm.
    LC copy, inscribed by the author, has 3 letters inserted.
    
    ISBN
    
●
相关链接 在E读中查询图书 在五车中查询图书 在当当中查询图书 在豆瓣中查询图书


正题名:Romantic copper     索取号:TD862.1/x4         预约/预借

序号 登录号 条形码 馆藏地/架位号 状态 备注
1 8419   300084192   第二样本阅览室/ [索取号:TD862.1/x4] 在馆    
唐山师范学院图书馆 欢迎您!
大连网信软件有限公司© 版权所有